| Tag |
First Indicator |
Second Indicator |
Subfields |
| LEADER |
00000cam a2200000 4500 |
| 001 |
in00000050165 |
| 005 |
20151007065807.0 |
| 008 |
740405s1946 nyu b 00000 eng u |
| 010 |
|
|
|a 46005701
|
| 035 |
|
|
|a (OCoLC)00850069
|
| 035 |
|
|
|9 AAE2700AM
|
| 040 |
|
|
|c NED
|d TXA
|d UtOrBLW
|
| 049 |
|
|
|a TXAM
|c 1 [138430]
|c 2 [424041]
|
| 050 |
|
0 |
|a QC638
|b .G78
|
| 082 |
0 |
|
|a 537.6
|
| 092 |
|
|
|a 537.6
|b G883i
|
| 100 |
1 |
|
|a Grover, Frederick W.
|q (Frederick Warren),
|d 1876-1973.
|
| 245 |
1 |
0 |
|a Inductance calculations, working formulas and tables /
|c [by] Frederick W. Grover ...
|
| 264 |
|
1 |
|a New York :
|b D. Van Nostrand company, inc.,
|c 1946.
|
| 300 |
|
|
|a xiv, 286 pages :
|b diagrams ;
|c 24 cm.
|
| 336 |
|
|
|a text
|b txt
|2 rdacontent
|
| 337 |
|
|
|a unmediated
|b n
|2 rdamedia
|
| 338 |
|
|
|a volume
|b nc
|2 rdacarrier
|
| 504 |
|
|
|a "References": pages 283-286.
|
| 650 |
|
0 |
|a Inductance.
|
| 999 |
|
|
|a MARS
|
| 999 |
f |
f |
|s 6048de52-3823-38e3-a245-0217a58bd195
|i e6748013-a92a-3ce9-a3bc-e0d11c5de8cf
|t 0
|
| 952 |
f |
f |
|p normal
|a Texas A&M University
|b College Station
|c Sterling C. Evans Library
|s Evans stk
|d Evans: Library Stacks
|t 0
|e QC638 .G78
|h Library of Congress classification
|i unmediated -- volume
|m A14800925150
|
| 998 |
f |
f |
|a QC638 .G78
|t 0
|l Evans: Library Stacks
|